Estatísticas para Personagens da Gangue Van der Lindie

Clique aqui para jogar o quiz

Estatísticas Gerais

  • Esse quiz foi jogado 9 vezes
  • A pontuação média é 14 de 26

Estatísticas das Respostas

Personagem% Correto
Arthur Morgan
100%
John Marston
100%
Bill Williamson
83%
Dutch Van der Lindie
83%
Javier Escuella
83%
Micah Bell
83%
Uncle
83%
Charles Smith
67%
Hosea Matthews
67%
Sadie Adler
67%
Josiah Trelawny
50%
Lenny Summers
50%
Molly O'Shea
50%
Reverendo Orville Swanson
50%
Simon Pearson
50%
Susan Grimshaw
50%
Tilly Jackson
50%
Davey Callander
33%
Karen Jones
33%
Kieran Duffy
33%
Leopold Strauss
33%
Sean MacGuire
33%
Abgail Roberts
17%
Jenny Kirk
17%
Mac Callander
17%
Mary-Bath Gaskill
17%

Distribuição das Pontuações

Percentil de Números Respondidos

Porcentagem de Pessoas com Cada Pontuação

Sua Pontuação Histórica

Você não jogou esse quiz